Estudo e prática de metodologia em design nos cursos de pós-graduacao
Gespeichert in:
| Hauptverfasser: | , |
|---|---|
| Format: | Buch |
| Sprache: | Portugiesisch |
| Veröffentlicht: |
Río de Janeiro
Novas Ideias
2011
|
| Schlagworte: | |
| Tags: |
Tag hinzufügen
Keine Tags, Fügen Sie den ersten Tag hinzu!
|
MARC
| LEADER | 00000cam a2200000 a 4500 | ||
|---|---|---|---|
| 001 | UCG8939 | ||
| 003 | CL-VaPUC | ||
| 008 | 120106e20110000BL |||||||||||||||||por|d | ||
| 020 | |a 9788560284191 | ||
| 082 | 0 | 4 | |a 745.2 |b WES |2 21 |
| 100 | 0 | |a Westin, Denise Goncalves |e author |9 560232 | |
| 700 | 0 | |a Coelho, Luiz Antonio Luzio |e author |9 560233 | |
| 245 | 1 | 0 | |a Estudo e prática de metodologia em design nos cursos de pós-graduacao |
| 300 | |a 227 p | ||
| 942 | |c BK | ||
| 945 | |d 20120106 00:00:00 |a dcastane | ||
| 260 | |a Río de Janeiro |b Novas Ideias |c 2011 | ||
| 650 | 0 | |a Diseño |9 260483 | |
| 650 | 0 | |a Metodología |9 256610 | |
| 650 | 7 | |a DISEÑO DE PROYECTOS |2 CL-VaPUC |9 499008 | |
| 650 | 0 | |a Metodología |9 256610 | |
| 650 | 0 | |a Epistemología |9 264994 | |
| 583 | |a last modification |c 20120110 01:28:21 |k Rodrigo Vera | ||
| 999 | |c 346525 |d 346523 | ||
| 952 | |0 0 |1 0 |4 0 |6 745_200000000000000_WES_2011 |7 0 |8 A |9 447230 |a BIBARQ |b BIBARQ |d 2019-11-22 |i 4818571 |o 745.2 WES 2011 |p 4818571 |r 2025-01-20 |w 2019-11-22 |y BK |k ARQ | ||
| 952 | |0 0 |1 0 |4 0 |6 745_200000000000000_WES_2011 |7 0 |8 A |9 447231 |a BIBARQ |b BIBARQ |d 2019-11-22 |i 4814460 |o 745.2 WES 2011 |p 4814460 |r 2025-01-20 |w 2019-11-22 |y BK |k ARQ | ||